| 000 | 00635nam a22001937a 4500 | ||
|---|---|---|---|
| 005 | 20250120105627.0 | ||
| 010 | _aENG-143521 | ||
| 020 | _c150.00 | ||
| 035 | _aEN-127053 | ||
| 037 | _bDBAD | ||
| 082 | _a181.49 | ||
| 100 |
_aAdawal Dr. Shanker _976718 |
||
| 245 |
_aBhrigu Samhita; Predictive techniques deciphered/ _cBy Dr. Shanker Adawal |
||
| 250 | _aFirst | ||
| 260 |
_bSagar Publications _c2004 _a72, Janpath, Ved Mansion New Delhi |
||
| 270 |
_a72, Janpath, Ved Mansion New Delhi _bNew Delhi _e110001 _k23320648 _msagarpub@del3.vsnl.net.in |
||
| 300 |
_a254p. _c21cm (pbk) |
||
| 942 |
_2ddc _cEN _h181.49 _mAda |
||
| 999 |
_c208580 _d208580 |
||